[Event "4NCL Division 1b"]
[Site "Daventry, ENG"]
[Date "2020.03.01"]
[Round "2.85"]
[White "Duncan, Chris R"]
[Black "Brett, Andrew R"]
[Result "1-0"]
[WhiteElo "2217"]
[BlackElo "2079"]
[PlyCount "112"]
[EventDate "2020.03.01"]
[WhiteTeam "Blackthorne Russia"]
[BlackTeam "Barbican 4NCL 2"]

1. Nf3 Nf6 2. c4 e6 3. Nc3 d5 4. d4 c6 5. Bg5 dxc4 6. e4 b5 7. e5 h6 8. Bh4 g5
9. Nxg5 hxg5 10. Bxg5 Nbd7 11. g3 Bb7 12. Bg2 Qb6 13. exf6 O-O-O 14. O-O c5 15.
d5 b4 16. Na4 Qb5 17. a3 Nb8 18. axb4 cxb4 19. Qg4 Bxd5 20. Bxd5 Rxd5 21. Be3
Nc6 22. Rfc1 Kb7 23. Qe4 Na5 24. Ra2 Qc6 25. Qf3 Nb3 26. Rd1 Bd6 27. h4 Rg8 28.
Bg5 Rxd1+ 29. Qxd1 Qd5 30. Qh5 Rf8 31. Kh2 Qf5 32. Qe2 Qd5 33. Be3 Rh8 34. Qg4
a5 35. Nb6 Qc6 36. Nxc4 Bc7 37. h5 Qe8 38. h6 Rg8 39. Qe4+ Qc6 40. Qd3 Qf3 41.
Nd6+ Bxd6 42. Qxd6 Qc6 43. Qf4 Qd5 44. g4 Rc8 45. Kg3 Qd3 46. Rxa5 Nxa5 47.
Qxb4+ Kc6 48. Qxa5 Qd6+ 49. Kf3 Qd1+ 50. Kf4 Qd6+ 51. Qe5 Qb4+ 52. Qe4+ Qxe4+
53. Kxe4 Kd6 54. Bf4+ Kd7 55. Be5 Rc4+ 56. Kf3 Ke8 1-0

[Event "4NCL Division 1b"]
[Site "Daventry, ENG"]
[Date "2020.03.01"]
[Round "2.86"]
[White "Makepeace, Philip J"]
[Black "Ledger, Dave J"]
[Result "0-1"]
[WhiteElo "2066"]
[BlackElo "2215"]
[PlyCount "166"]
[EventDate "2020.03.01"]
[WhiteTeam "Barbican 4NCL 2"]
[BlackTeam "Blackthorne Russia"]

1. Nf3 Nf6 2. c4 e6 3. g3 d5 4. Bg2 Be7 5. O-O O-O 6. d4 dxc4 7. Qc2 Bd7 8. Ne5
Bc6 9. Nxc6 Nxc6 10. e3 Na5 11. Bd2 c5 12. Qa4 Nc6 13. dxc5 Qc7 14. Qxc4 Ne5
15. Qb5 Qxc5 16. Qxc5 Bxc5 17. Bc3 Nc6 18. Bxf6 gxf6 19. Bxc6 bxc6 20. Rc1 Bd6
21. Rxc6 Be5 22. Nc3 Rab8 23. Rb1 Rfd8 24. Rd1 Rxd1+ 25. Nxd1 Bxb2 26. Nxb2
Rxb2 27. Ra6 Rb7 28. Kg2 Kg7 29. g4 Kg6 30. Ra5 Rc7 31. Kg3 Rb7 32. a4 Rc7 33.
Kf3 Rb7 34. h3 Rd7 35. Ke4 Kg7 36. g5 fxg5 37. Rxg5+ Kf6 38. Ra5 Kg6 39. Ke5
Kg5 40. f4+ Kg6 41. Rb5 Rd3 42. Ke4 Rd7 43. Ra5 Kf6 44. h4 Kg6 45. Rg5+ Kf6 46.
h5 Rb7 47. Ra5 Rd7 48. Kf3 Rb7 49. e4 Kg7 50. Kg4 Kf6 51. Ra6 h6 52. e5+ Kg7
53. Kf3 Kh7 54. a5 Kg7 55. Ke3 Rd7 56. f5 exf5 57. Kf4 Rb7 58. Kxf5 Rc7 59. Ke4
Rd7 60. Rd6 Rb7 61. a6 Rb4+ 62. Kd5 Rb5+ 63. Kd4 Ra5 64. Rc6 Kh7 65. Rc7 Rxa6
66. Rxf7+ Kg8 67. Rf1 Rb6 68. Kd5 Rb5+ 69. Kd6 Rb6+ 70. Kc7 Kg7 71. Rf2 Kg8 72.
Kd7 Rb7+ 73. Ke6 Kg7 74. Rd2 a5 75. Rf2 a4 76. Kd6 Ra7 77. Rg2+ Kf8 78. e6 a3
79. Rf2+ Ke8 80. Ra2 Ra5 81. Rg2 Ra6+ 82. Ke5 a2 83. Rg8+ Ke7 0-1

[Event "4NCL Division 1b"]
[Site "Daventry, ENG"]
[Date "2020.03.01"]
[Round "2.88"]
[White "Bridgeman, Niamh"]
[Black "Varney, Zoe"]
[Result "0-1"]
[WhiteElo "1665"]
[BlackElo "1908"]
[PlyCount "108"]
[EventDate "2020.03.01"]
[WhiteTeam "Barbican 4NCL 2"]
[BlackTeam "Blackthorne Russia"]

1. d4 d5 2. Nf3 Nf6 3. e3 c6 4. Bd3 Bg4 5. h3 Bxf3 6. Qxf3 Nbd7 7. c4 e5 8.
cxd5 exd4 9. dxc6 Ne5 10. Qe2 Bb4+ 11. Kf1 bxc6 12. f4 Nxd3 13. Qxd3 O-O 14.
Qxd4 Qxd4 15. exd4 Rad8 16. Nc3 Rxd4 17. Be3 Bxc3 18. bxc3 Re4 19. Bxa7 Rxf4+
20. Ke2 Ra4 21. Bc5 Rfa8 22. Rhb1 Ne4 23. Bd4 c5 24. Ke3 Re8 25. Be5 Nxc3 26.
Rb2 Nd5+ 27. Kf2 Nb4 28. Rd2 Ra3 29. Bd6 Rae3 30. Rad1 Rc3 31. Be5 Ra3 32. Rd8
Rxa2+ 33. Kf1 Ra8 34. Rxa8 Rxa8 35. Bd6 Rd8 36. Ke2 Na6 37. Rd2 f6 38. Bf4
Rxd2+ 39. Kxd2 Kf7 40. Kc3 Ke6 41. Kc4 Kf5 42. Bd2 Ke4 43. h4 f5 44. g3 g6 45.
Bg5 Nc7 46. Be7 Ne6 47. Bd6 Nd4 48. Kxc5 Ne2 49. Kc6 Kf3 50. Kd7 Nxg3 51. Ke6
Kg4 52. Kf7 f4 53. Kg8 Nf5 54. Bc5 h5 0-1

[Event "4NCL Division 2a"]
[Site "Daventry, ENG"]
[Date "2020.02.29"]
[Round "1.11"]
[White "Rudd, Jack"]
[Black "Wheeler, Darren P"]
[Result "0-1"]
[WhiteElo "2323"]
[BlackElo "2327"]
[PlyCount "80"]
[EventDate "2020.02.29"]
[WhiteTeam "West is Best 1"]
[BlackTeam "The ADs"]

1. d4 e6 2. e4 d5 3. Nd2 a6 4. Bd3 c5 5. dxc5 Bxc5 6. exd5 exd5 7. Nb3 Ba7 8.
Qe2+ Qe7 9. Bg5 f6 10. Bd2 Nc6 11. Qxe7+ Ngxe7 12. Nf3 Bf5 13. Bxf5 Nxf5 14.
O-O O-O-O 15. Rfe1 Rhe8 16. Rxe8 Rxe8 17. Re1 Re4 18. Kf1 Kd7 19. Rd1 Ne5 20.
Nxe5+ fxe5 21. g3 Rc4 22. c3 Nd6 23. f3 Rc8 24. Ke2 Ke6 25. f4 e4 26. Na1 h5
27. Nc2 Nf5 28. Be1 d4 29. Nxd4+ Bxd4 30. cxd4 Rc2+ 31. Rd2 Nxd4+ 32. Ke3 Rxd2
33. Bxd2 Kd5 34. Bc3 Nf5+ 35. Ke2 Kc4 36. Be5 g6 37. Kd2 Kd5 38. b3 h4 39. g4
Nh6 40. Bf6 h3 0-1

[Event "4NCL Division 2a"]
[Site "Daventry, ENG"]
[Date "2020.02.29"]
[Round "1.12"]
[White "Richardson, John R"]
[Black "Kozusek, Daniel"]
[Result "1/2-1/2"]
[WhiteElo "2275"]
[BlackElo "2317"]
[PlyCount "48"]
[EventDate "2020.02.29"]
[WhiteTeam "The ADs"]
[BlackTeam "West is Best 1"]

1. d4 e6 2. Nf3 d5 3. c4 Nf6 4. g3 Bb4+ 5. Bd2 Be7 6. Bg2 O-O 7. O-O Nbd7 8. b3
Ne4 9. Nc3 Nxd2 10. Qxd2 c6 11. e4 Bb4 12. exd5 exd5 13. cxd5 Nf6 14. Qb2 Nxd5
15. Nxd5 Qxd5 16. Ne5 Qa5 17. Nc4 Qd8 18. d5 cxd5 19. Rad1 Be6 20. Ne3 d4 21.
Qxd4 Qxd4 22. Rxd4 Bc5 23. Rd3 Rad8 24. Nd5 Bxd5 1/2-1/2

[Event "4NCL Division 2a"]
[Site "Daventry, ENG"]
[Date "2020.02.29"]
[Round "1.13"]
[White "Blackburn, Jonathan L B"]
[Black "Baker, Chris W"]
[Result "0-1"]
[WhiteElo "2250"]
[BlackElo "2305"]
[PlyCount "84"]
[EventDate "2020.02.29"]
[WhiteTeam "West is Best 1"]
[BlackTeam "The ADs"]

1. d4 d5 2. c4 c6 3. cxd5 cxd5 4. Nc3 Nf6 5. Bf4 e6 6. e3 a6 7. Nf3 Be7 8. Bd3
Nc6 9. O-O O-O 10. Ne5 Bd7 11. Rc1 Rc8 12. Bb1 Na5 13. Bg5 Nc4 14. Nxc4 Rxc4
15. Qe2 b5 16. a3 Re8 17. Bd3 Rc8 18. Nb1 Qb6 19. b4 a5 20. Bxf6 Bxf6 21. Rc5
axb4 22. axb4 Be7 23. Bxb5 Bxb5 24. Rxb5 Qa6 25. Rd1 Bxb4 26. Qf1 Bd6 27. Nd2
Rc7 28. Ra1 Bxh2+ 29. Kh1 Qc8 30. Rc5 Rxc5 31. dxc5 Be5 32. Rc1 Qc6 33. Qd3 Ra8
34. Nf3 Bb2 35. Nd4 Qc7 36. Rb1 Qxc5 37. g3 Bxd4 38. exd4 Qc4 39. Qe3 Qc2 40.
Re1 Qf5 41. Qb3 Qxf2 42. Rb1 h5 0-1

[Event "4NCL Division 2a"]
[Site "Daventry, ENG"]
[Date "2020.02.29"]
[Round "1.14"]
[White "Snape, Ian L"]
[Black "Cooper, John G"]
[Result "1/2-1/2"]
[WhiteElo "2237"]
[BlackElo "2232"]
[PlyCount "54"]
[EventDate "2020.02.29"]
[WhiteTeam "The ADs"]
[BlackTeam "West is Best 1"]

1. e4 c5 2. Nf3 g6 3. d4 cxd4 4. Qxd4 Nf6 5. e5 Nc6 6. Qa4 Nd5 7. Qe4 Nb6 8.
Nc3 Bg7 9. Bf4 d5 10. exd6 Bf5 11. dxe7 Bxc3+ 12. bxc3 Bxe4 13. exd8=Q+ Rxd8
14. Bh6 Ke7 15. Bd3 Bxd3 16. cxd3 Rxd3 17. O-O f6 18. Rfe1+ Kf7 19. Re3 Rhd8
20. h4 Nc4 21. Rxd3 Rxd3 22. Rc1 Ne7 23. Kf1 Rd5 24. Ke2 Ng8 25. Bf4 h5 26. Rb1
b5 27. g3 a6 1/2-1/2

[Event "4NCL Division 2a"]
[Site "Daventry, ENG"]
[Date "2020.02.29"]
[Round "1.15"]
[White "Mihalik, Agoston"]
[Black "Ahluwalia, Amardip"]
[Result "1/2-1/2"]
[WhiteElo "2198"]
[BlackElo "2230"]
[PlyCount "152"]
[EventDate "2020.02.29"]
[WhiteTeam "West is Best 1"]
[BlackTeam "The ADs"]

1. e4 e5 2. Nf3 Nc6 3. d4 exd4 4. Bc4 Bc5 5. c3 Nf6 6. e5 d5 7. Bb5 Ne4 8. cxd4
Bb4+ 9. Bd2 Nxd2 10. Nbxd2 O-O 11. Bxc6 bxc6 12. O-O c5 13. Rc1 c4 14. h3 a5
15. Re1 a4 16. Re3 c5 17. a3 cxd4 18. Nxd4 Bc5 19. N2f3 Qb6 20. Qd2 Rb8 21. Re2
Qg6 22. Kh2 Bd7 23. Rd1 Rfe8 24. Qc3 Qb6 25. Rde1 Be6 26. Rd1 Bc8 27. Qc2 Qg6
28. Qxa4 Be6 29. Qc2 Qxc2 30. Rxc2 Bd7 31. Re1 Bb6 32. Rce2 Bc5 33. Kg1 Rb6 34.
Rd2 Rbb8 35. Ne2 Be6 36. Nc3 d4 37. Ne4 c3 38. bxc3 dxc3 39. Nxc3 Bxa3 40. Nd5
Bxd5 41. Rxd5 f6 42. Red1 Bb2 43. exf6 Bxf6 44. h4 Rbd8 45. Rxd8 Rxd8 46. Rxd8+
Bxd8 47. g3 g6 48. Kg2 Kg7 49. Ng5 Bb6 50. Ne4 Bd8 51. Kf3 Bb6 52. Ng5 Ba7 53.
Nh3 Bb6 54. Ke4 Bc7 55. Kd5 Bb6 56. Ke6 h5 57. f3 Ba5 58. Ng5 Be1 59. Ne4 Ba5
60. Kd6 Bb6 61. Ke5 Bc7+ 62. Kd4 Bb6+ 63. Kd3 Kf7 64. Ng5+ Kf6 65. Ke2 Bc7 66.
Kf2 Bb6+ 67. Kg2 Ba5 68. g4 hxg4 69. fxg4 Be1 70. Nf3 Bc3 71. Kg3 Bb2 72. Kf2
Bc1 73. Ke2 Bf4 74. Kd3 Bg3 75. Ke4 Bxh4 76. Nxh4 Kg5 1/2-1/2

[Event "4NCL Division 2a"]
[Site "Daventry, ENG"]
[Date "2020.02.29"]
[Round "1.16"]
[White "Duggan, John E"]
[Black "Redmond, John P."]
[Result "0-1"]
[WhiteElo "2222"]
[BlackElo "2194"]
[PlyCount "140"]
[EventDate "2020.02.29"]
[WhiteTeam "The ADs"]
[BlackTeam "West is Best 1"]

1. d4 Nf6 2. Nf3 d5 3. e3 c5 4. Be2 Nc6 5. O-O Bf5 6. c3 e6 7. Nbd2 Qc7 8. Qa4
Bd6 9. dxc5 Bxc5 10. Nb3 Bc2 11. Ne1 Bxb3 12. axb3 O-O 13. Nf3 Bd6 14. h3 Ne4
15. Bd2 Ne5 16. Be1 Nd7 17. Qd4 Ndc5 18. Qd1 Rfd8 19. Qc2 a6 20. c4 Qe7 21. b4
Nd7 22. c5 Bc7 23. Bd3 f5 24. Nd4 Ne5 25. Be2 Rac8 26. f3 Nf6 27. f4 Ned7 28.
c6 Bb6 29. Bxa6 Bxd4 30. Bxb7 Bxe3+ 31. Kh1 Rc7 32. b5 Nb6 33. Qb3 Nc4 34. Bb4
Bc5 35. b6 Nxb6 36. Ba5 Rxb7 37. cxb7 Qxb7 38. Rfc1 Bf2 39. Rc2 Ne4 40. Rxf2
Nxf2+ 41. Kg1 Ra8 42. Ra3 Nxh3+ 43. gxh3 Rb8 44. Qe3 Nc4 45. Qxe6+ Qf7 46.
Qxf7+ Kxf7 47. Ra1 Nxa5 48. Rxa5 Rxb2 49. Rxd5 g6 50. Rd7+ Kg8 51. Rd3 Kg7 52.
Rf3 Kf6 53. Re3 Kg7 54. Rf3 Kh6 55. Rg3 Kh5 56. Rf3 Kh4 57. Kh1 h6 58. Kg1 Rb5
59. Kg2 g5 60. fxg5 hxg5 61. Rf2 f4 62. Rf3 Rb2+ 63. Kg1 Re2 64. Ra3 Re3 65.
Ra8 Kxh3 66. Kf2 Kg4 67. Ra4 Rb3 68. Ra5 Rb2+ 69. Kg1 Kh4 70. Ra4 Kg3 0-1

[Event "4NCL Division 2a"]
[Site "Daventry, ENG"]
[Date "2020.02.29"]
[Round "1.17"]
[White "Midhun, P U..."]
[Black "Bellin, Jana M"]
[Result "1/2-1/2"]
[WhiteElo "2161"]
[BlackElo "2087"]
[PlyCount "47"]
[EventDate "2020.02.29"]
[WhiteTeam "West is Best 1"]
[BlackTeam "The ADs"]

1. Nf3 Nf6 2. g3 b6 3. Bg2 Bb7 4. O-O c5 5. c4 g6 6. b3 Bg7 7. Bb2 O-O 8. Nc3
Na6 9. Re1 Rc8 10. d4 cxd4 11. Qxd4 Nc7 12. Rad1 Ne6 13. Qh4 Rc5 14. Nd5 Bxd5
15. cxd5 Rxd5 16. Rxd5 Nxd5 17. Bxg7 Kxg7 18. Qa4 Qb8 19. Qxd7 Rd8 20. Qa4 b5
21. Qe4 Nf6 22. Qb4 Nd5 23. Qe4 Nf6 24. Qb4 1/2-1/2

[Event "4NCL Division 2a"]
[Site "Daventry, ENG"]
[Date "2020.02.29"]
[Round "1.18"]
[White "Tombolis, Christopher"]
[Black "Giles, Yasmin"]
[Result "0-1"]
[WhiteElo "2072"]
[BlackElo "1885"]
[PlyCount "89"]
[EventDate "2020.02.29"]
[WhiteTeam "The ADs"]
[BlackTeam "West is Best 1"]

1. d4 d5 2. c4 c6 3. Nf3 Nf6 4. Nc3 dxc4 5. a4 Bf5 6. e3 e6 7. Bxc4 Bb4 8. Bd2
O-O 9. O-O Nbd7 10. h3 Bg6 11. Qb3 a5 12. Ne2 Bxd2 13. Nxd2 Rb8 14. Nf4 e5 15.
Nxg6 hxg6 16. Nf3 exd4 17. Nxd4 Ne5 18. Rfd1 Qe7 19. Rac1 Rfd8 20. Be2 Nd5 21.
Qc2 Nd7 22. Bf3 Nb4 23. Qc3 Na2 24. Qxa5 Nxc1 25. Rxc1 Ne5 26. Qb6 Ra8 27. Qb3
c5 28. Qa3 Nxf3+ 29. Nxf3 b6 30. Qb3 Rd6 31. Qb5 Rad8 32. Qb3 Qf6 33. Qc2 Rd5
34. Qe4 Qxb2 35. Rb1 Qxb1+ 36. Qxb1 Rd1+ 37. Qxd1 Rxd1+ 38. Kh2 Ra1 39. Ne5
Rxa4 40. Nd7 Rb4 41. Kg3 f6 42. Kf3 Kf7 43. Nb8 c4 44. Nc6 Rb2 45. Ke4 0-1

[Event "4NCL Division 2a"]
[Site "Daventry, ENG"]
[Date "2020.02.29"]
[Round "1.21"]
[White "Pitcher, John"]
[Black "Moreby, James"]
[Result "0-1"]
[WhiteElo "2228"]
[BlackElo "2365"]
[PlyCount "100"]
[EventDate "2020.02.29"]
[WhiteTeam "Warwickshire Select 1"]
[BlackTeam "North East England"]

1. e4 e5 2. Bc4 Bc5 3. Nc3 d6 4. d3 c6 5. Nf3 Nf6 6. Bb3 a5 7. a4 h6 8. Ne2
Nbd7 9. Ng3 Nf8 10. O-O Ng6 11. d4 exd4 12. Nxd4 O-O 13. c3 Re8 14. h3 Nh4 15.
Re1 d5 16. e5 Nd7 17. Qh5 Ng6 18. e6 Nf6 19. exf7+ Kxf7 20. Rxe8 Qxe8 21. Qd1
Bd6 22. Ngf5 Bb8 23. Bc2 c5 24. Nf3 b6 25. Qd3 Ne5 26. Nxh6+ Kf8 27. Nxe5 Qxe5
28. g3 Qe1+ 29. Kg2 Bxh3+ 30. Kh2 Bg4 31. Be3 Qxa1 32. Qg6 Bh5 33. Qf5 Bd6 34.
Bg5 Qf1 35. Bxf6 g6 36. Be7+ Kxe7 37. Qf7+ Kd8 38. Qf6+ Kc7 39. Nf7 Bxg3+ 40.
Kxg3 Qg1+ 41. Kh3 Qg4+ 42. Kh2 Re8 43. Nd6 Re6 44. Nb5+ Kc6 45. Qf8 Qh4+ 46.
Kg2 Qg5+ 47. Kh2 Qe5+ 48. Kg2 Re8 49. Qf7 Qe7 50. Qf4 Rf8 0-1

[Event "4NCL Division 2a"]
[Site "Daventry, ENG"]
[Date "2020.02.29"]
[Round "1.22"]
[White "Taylor, Adam A"]
[Black "Hanley, James L"]
[Result "0-1"]
[WhiteElo "2282"]
[BlackElo "2161"]
[PlyCount "84"]
[EventDate "2020.02.29"]
[WhiteTeam "North East England"]
[BlackTeam "Warwickshire Select 1"]

1. Nf3 Nf6 2. g3 g6 3. Bg2 Bg7 4. O-O O-O 5. d4 d6 6. Nc3 Nbd7 7. a4 a5 8. e4
e5 9. dxe5 Nxe5 10. Nxe5 dxe5 11. Bg5 Qxd1 12. Raxd1 h6 13. Be3 Bg4 14. f3 Be6
15. Nb5 Rfc8 16. Rf2 Ne8 17. Rfd2 Bf8 18. Bf1 Bb4 19. c3 Bf8 20. Bd3 Rd8 21.
Bc2 Rxd2 22. Rxd2 c6 23. Na3 f5 24. f4 exf4 25. Bxf4 Nf6 26. exf5 gxf5 27. Be3
Re8 28. Bd4 Ne4 29. Re2 c5 30. Be3 Bf7 31. Bd3 Bh5 32. Re1 Rd8 33. Bc4+ Kh7 34.
Kg2 Ng5 35. Be2 Bf7 36. h4 Bd5+ 37. Kf1 Ne4 38. Bf4 Bd6 39. Bd3 Bxf4 40. gxf4
Rg8 41. Bc4 Nd2+ 42. Kf2 Rg2+ 0-1

[Event "4NCL Division 2a"]
[Site "Daventry, ENG"]
[Date "2020.02.29"]
[Round "1.23"]
[White "Mason, Donald J"]
[Black "Coathup, Roger H"]
[Result "0-1"]
[WhiteElo "2140"]
[BlackElo "2237"]
[PlyCount "70"]
[EventDate "2020.02.29"]
[WhiteTeam "Warwickshire Select 1"]
[BlackTeam "North East England"]

1. e4 c5 2. Nf3 e6 3. d4 cxd4 4. Nxd4 a6 5. c4 Nf6 6. Nc3 Qc7 7. a3 b6 8. Be3
Bb7 9. f3 d6 10. Rc1 Nbd7 11. Be2 Be7 12. O-O O-O 13. b4 Kh8 14. Qd2 Qb8 15.
Kh1 Bd8 16. Rc2 Bc7 17. Bg1 Rg8 18. Rb1 g5 19. Nb3 g4 20. Qe3 gxf3 21. Qxf3 Qf8
22. Bd4 Qh6 23. Rf1 Rg6 24. h3 Rag8 25. Bd3 Ne5 26. Bxe5 dxe5 27. Rff2 Ng4 28.
Qxf7 Nxf2+ 29. Rxf2 R6g7 30. Qf3 Rg3 31. Qe2 Bd8 32. Nd1 Qg6 33. Qf1 Bxe4 34.
Bxe4 Qxe4 35. Rf8 Rxg2 0-1

[Event "4NCL Division 2a"]
[Site "Daventry, ENG"]
[Date "2020.02.29"]
[Round "1.24"]
[White "Dargan, Paul A G"]
[Black "Bowcott-Terry, Finlay"]
[Result "0-1"]
[WhiteElo "2117"]
[BlackElo "2162"]
[PlyCount "100"]
[EventDate "2020.02.29"]
[WhiteTeam "North East England"]
[BlackTeam "Warwickshire Select 1"]

1. e4 c5 2. c3 Nc6 3. d4 cxd4 4. cxd4 d5 5. exd5 Qxd5 6. Nf3 Bg4 7. Nc3 Bxf3 8.
gxf3 Qxd4 9. Qxd4 Nxd4 10. Nb5 Nc2+ 11. Kd1 Nxa1 12. Nc7+ Kd8 13. Nxa8 Nf6 14.
Be3 b6 15. Ba6 e5 16. Nxb6 axb6 17. Bxb6+ Kd7 18. Bb5+ Ke6 19. Bc4+ Kd7 20. Kc1
Bd6 21. Kb1 e4 22. Kxa1 exf3 23. Bxf7 Be5 24. Rd1+ Kc6 25. Be3 Rb8 26. Rd2 Bxh2
27. a4 Be5 28. Ka2 Rf8 29. Be6 Re8 30. Bc4 Rh8 31. b4 h5 32. b5+ Kc7 33. b6+
Kb7 34. a5 h4 35. Bb5 Ra8 36. a6+ Rxa6+ 37. Bxa6+ Kxa6 38. Bg5 Ne4 39. Rd7 Nxg5
40. b7 Ka7 41. Rd5 Bf6 42. Rb5 Kb8 43. Rb4 Ne6 44. Re4 Nd4 45. Kb1 Kxb7 46. Kc1
h3 47. Kd2 Ne2 48. Rb4+ Kc6 49. Rb1 Bg5+ 50. Kc2 Nc1 0-1

[Event "4NCL Division 2a"]
[Site "Daventry, ENG"]
[Date "2020.02.29"]
[Round "1.25"]
[White "Lam, Paul G M"]
[Black "Oswald, Graeme E"]
[Result "1/2-1/2"]
[WhiteElo "2140"]
[BlackElo "2128"]
[PlyCount "81"]
[EventDate "2020.02.29"]
[WhiteTeam "Warwickshire Select 1"]
[BlackTeam "North East England"]

1. d4 Nf6 2. Bf4 b6 3. e3 Bb7 4. Nf3 g6 5. Nc3 Bg7 6. Bc4 d6 7. Qe2 a6 8. e4 b5
9. Bd3 Nbd7 10. a4 b4 11. Nb1 O-O 12. Nbd2 e5 13. dxe5 dxe5 14. Bg5 h6 15. Bh4
Qe8 16. Nc4 Nh5 17. Na5 Nf4 18. Qd2 Nxg2+ 19. Kf1 Nxh4 20. Nxh4 Bc8 21. Bc4 Nb6
22. Qxb4 Bh3+ 23. Ke2 Nxc4 24. Nxc4 Qc6 25. Ne3 Be6 26. f3 Rfd8 27. Qc3 Qb6 28.
Rhd1 Rd4 29. b3 Rad8 30. Nhg2 f5 31. Nh4 f4 32. Nc4 Bxc4+ 33. bxc4 Bf8 34. Qb3
Qc6 35. c5+ Kh7 36. Rxd4 Rxd4 37. Rg1 Qd7 38. Qc3 Qh3 39. Qb3 g5 40. Qf7+ Bg7
41. Qf5+ 1/2-1/2

[Event "4NCL Division 2a"]
[Site "Daventry, ENG"]
[Date "2020.02.29"]
[Round "1.26"]
[White "Henderson, David"]
[Black "Shephard, Chris C W"]
[Result "1/2-1/2"]
[WhiteElo "2087"]
[BlackElo "2203"]
[PlyCount "141"]
[EventDate "2020.02.29"]
[WhiteTeam "North East England"]
[BlackTeam "Warwickshire Select 1"]

1. e4 d6 2. g3 c5 3. Bg2 Nc6 4. Ne2 g6 5. O-O Bg7 6. c3 e5 7. d3 Nh6 8. h3 O-O
9. Be3 f5 10. Qd2 Nf7 11. Na3 Qe7 12. f4 Bd7 13. Rae1 Rae8 14. Nc2 b6 15. exf5
gxf5 16. fxe5 dxe5 17. d4 cxd4 18. cxd4 f4 19. gxf4 e4 20. d5 Na5 21. Bd4 Nd6
22. Ng3 Qh4 23. Bxg7 Kxg7 24. Nxe4 Nxe4 25. Rxe4 Rxe4 26. Bxe4 Bxh3 27. Rf2 Rg8
28. Bg2 Kf8 29. Ne3 Nb7 30. d6 Nc5 31. d7 Bxd7 32. Qd6+ Qe7 33. Qxe7+ Kxe7 34.
Nd5+ Kf7 35. Kh2 Bf5 36. Nc3 Nd3 37. Bd5+ Be6 38. Bxe6+ Kxe6 39. Re2+ Kf5 40.
Nd5 Rd8 41. Ne3+ Kxf4 42. Ng2+ Kf3 43. Re7 Nxb2 44. Rxa7 Rd2 45. Rf7+ Ke4 46.
Rxh7 Nc4 47. Ra7 Ne3 48. Re7+ Kd4 49. Rd7+ Nd5 50. Kg3 Rd3+ 51. Kf2 Kc5 52. Ra7
Rd2+ 53. Kf3 Nc3 54. Nf4 Nxa2 55. Ke3 Rh2 56. Kd3 Nb4+ 57. Kc3 Kb5 58. Re7 Rc2+
59. Kb3 Rc5 60. Ne2 Nc6 61. Rd7 Ka6 62. Nc3 Na5+ 63. Kb2 Nc4+ 64. Kb3 Na5+ 65.
Kb2 Rh5 66. Re7 Rh2+ 67. Re2 Rh5 68. Re7 Rg5 69. Re6 Rg2+ 70. Re2 Rg3 71. Re4
1/2-1/2

[Event "4NCL Division 2a"]
[Site "Daventry, ENG"]
[Date "2020.02.29"]
[Round "1.27"]
[White "Galloway, Iain A"]
[Black "Dunn, Andrew"]
[Result "0-1"]
[WhiteElo "2126"]
[BlackElo "2110"]
[PlyCount "76"]
[EventDate "2020.02.29"]
[WhiteTeam "Warwickshire Select 1"]
[BlackTeam "North East England"]

1. e4 c6 2. d4 d5 3. Nc3 dxe4 4. Nxe4 Bf5 5. Ng3 Bg6 6. N1e2 Nf6 7. Nf4 e5 8.
Nxg6 hxg6 9. Be3 Nbd7 10. c3 Nd5 11. Bc4 N7b6 12. Qb3 Nxc4 13. Qxc4 Bd6 14.
O-O-O Nxe3 15. fxe3 Qe7 16. Ne4 Bc7 17. d5 Bb6 18. Rd3 cxd5 19. Qb5+ Kf8 20.
Rxd5 Bxe3+ 21. Kb1 Rd8 22. Rxd8+ Qxd8 23. Qxe5 Rh5 24. Qd6+ Qxd6 25. Nxd6 Bf4
26. Nxb7 Bxh2 27. b4 Be5 28. Rxh5 gxh5 29. c4 g5 30. Kc2 h4 31. Kd3 g4 32. Ke4
f5+ 33. Ke3 f4+ 34. Kf2 Bd4+ 35. Kf1 h3 36. gxh3 gxh3 37. Nd8 f3 38. Ne6+ Kg8
0-1

[Event "4NCL Division 2a"]
[Site "Daventry, ENG"]
[Date "2020.02.29"]
[Round "1.28"]
[White "Moreby, Kurt"]
[Black "Page, Mark E"]
[Result "0-1"]
[WhiteElo "1628"]
[BlackElo "2110"]
[PlyCount "80"]
[EventDate "2020.02.29"]
[WhiteTeam "North East England"]
[BlackTeam "Warwickshire Select 1"]

1. d4 Nf6 2. c4 g6 3. Nc3 Bg7 4. e4 d6 5. Be2 Na6 6. Be3 O-O 7. g4 c5 8. d5 Nc7
9. h4 e6 10. h5 exd5 11. exd5 Qe7 12. hxg6 fxg6 13. g5 Ne4 14. Qc1 Nxc3 15.
bxc3 Qe4 16. f3 Qe5 17. Bd2 Qg3+ 18. Kf1 Bf5 19. Qe1 Qxe1+ 20. Rxe1 Rae8 21.
Nh3 Na8 22. Nf2 Nb6 23. Kg2 Na4 24. Ne4 Rxe4 25. fxe4 Bxe4+ 26. Kg1 Bxh1 27.
Kxh1 Re8 28. Bg4 Rxe1+ 29. Bxe1 Nxc3 30. Bg3 Ne4 31. Be6+ Kf8 32. Bf4 Be5 33.
Bc1 Bc3 34. Bf4 Bd2 35. Bh2 Ke7 36. Bg8 Nxg5 37. Bg3 h5 38. Bh4 Kf8 39. Be6
Nxe6 40. dxe6 g5 0-1

[Event "4NCL Division 2a"]
[Site "Daventry, ENG"]
[Date "2020.02.29"]
[Round "1.31"]
[White "Cumming, Rhys"]
[Black "Martin, Lewis"]
[Result "1-0"]
[WhiteElo "2285"]
[BlackElo "2199"]
[PlyCount "77"]
[EventDate "2020.02.29"]
[WhiteTeam "Sussex Martlets 1"]
[BlackTeam "Check Innmates"]

1. d4 d5 2. c4 c6 3. cxd5 cxd5 4. Bf4 Nc6 5. Nc3 f6 6. Bd2 e5 7. e4 dxe4 8.
dxe5 f5 9. f3 Bc5 10. fxe4 Nge7 11. Nf3 O-O 12. Qb3+ Kh8 13. O-O-O Na5 14. Qc2
fxe4 15. Nxe4 Bf5 16. Qxc5 Rc8 17. Bc3 Rxc5 18. Rxd8 Rxc3+ 19. bxc3 Rxd8 20.
Nd6 Rd7 21. Kb2 Bg4 22. Bb5 Nac6 23. Re1 Ng6 24. Nd4 Nf4 25. Rf1 g5 26. g3 Ng6
27. Nf7+ Kg7 28. e6 Re7 29. Bxc6 bxc6 30. Nxg5 c5 31. Nf5+ Bxf5 32. Rxf5 h6 33.
Rf7+ Rxf7 34. Nxf7 h5 35. Nd6 Kf6 36. Ne4+ Kxe6 37. Nxc5+ Kf5 38. Nd3 Ke4 39.
Nf4 1-0

[Event "4NCL Division 2a"]
[Site "Daventry, ENG"]
[Date "2020.02.29"]
[Round "1.33"]
[White "Graham, David B"]
[Black "Truran, Michael C"]
[Result "1/2-1/2"]
[WhiteElo "2260"]
[BlackElo "2125"]
[PlyCount "80"]
[EventDate "2020.02.29"]
[WhiteTeam "Sussex Martlets 1"]
[BlackTeam "Check Innmates"]

1. e4 c5 2. Nf3 Nc6 3. Nc3 a6 4. g3 g6 5. Bg2 Bg7 6. O-O d6 7. Re1 e6 8. b3
Nge7 9. Bb2 O-O 10. Na4 b5 11. Bxg7 Kxg7 12. Nb2 e5 13. c3 Bg4 14. h3 Bxf3 15.
Qxf3 f5 16. exf5 Rxf5 17. Qe2 Qb6 18. Nd1 Raf8 19. Rf1 R5f7 20. Ne3 Nf5 21. Bd5
Nxe3 22. dxe3 Rf6 23. Rad1 Ne7 24. Be4 Rd8 25. c4 b4 26. Qb2 Kf7 27. Kg2 Ke6
28. Rd2 Nf5 29. Re1 Re8 30. f4 Rff8 31. Bxf5+ Rxf5 32. Rd5 Qc7 33. Red1 exf4
34. Qd2 f3+ 35. Kf2 Rxd5 36. Qxd5+ Kd7 37. Qxf3 Re5 38. Rd5 Rxd5 39. cxd5 Kc8
40. Qd1 Qf7+ 1/2-1/2

[Event "4NCL Division 2a"]
[Site "Daventry, ENG"]
[Date "2020.02.29"]
[Round "1.34"]
[White "Rabbitt, Michael"]
[Black "Payne, Matthew J"]
[Result "0-1"]
[WhiteElo "1986"]
[BlackElo "2177"]
[PlyCount "62"]
[EventDate "2020.02.29"]
[WhiteTeam "Check Innmates"]
[BlackTeam "Sussex Martlets 1"]

1. e4 e6 2. d4 d5 3. Nc3 Bb4 4. Bd2 dxe4 5. Nge2 Nf6 6. Nxe4 Bxd2+ 7. Nxd2 b6
8. c4 O-O 9. Qb3 c5 10. Qf3 Qc7 11. Qxa8 Nc6 12. Nc3 Ba6 13. Qxf8+ Kxf8 14. Be2
cxd4 15. Nd1 Qe5 16. Kf1 Qf4 17. Nf3 e5 18. Ne1 e4 19. h3 d3 20. Bg4 h5 21. Ne3
hxg4 22. g3 Qe5 23. Rb1 gxh3 24. Rxh3 g6 25. N1g2 Nd4 26. Rc1 Nf5 27. Rc3 Nxe3+
28. Nxe3 Qd4 29. Kg2 Kg7 30. Rh1 Bc8 31. Rhc1 Ng4 0-1

[Event "4NCL Division 2a"]
[Site "Daventry, ENG"]
[Date "2020.02.29"]
[Round "1.35"]
[White "Grant, David J"]
[Black "Richmond, Peter"]
[Result "1/2-1/2"]
[WhiteElo "2222"]
[BlackElo "2056"]
[PlyCount "77"]
[EventDate "2020.02.29"]
[WhiteTeam "Sussex Martlets 1"]
[BlackTeam "Check Innmates"]

1. e4 c5 2. Nf3 Nf6 3. e5 Nd5 4. d4 cxd4 5. c3 e6 6. Qxd4 Nc6 7. Qe4 f5 8. exf6
Nxf6 9. Qh4 Be7 10. Bd3 d5 11. O-O e5 12. Bg6+ Kd7 13. Bf5+ Kc7 14. Bxc8 Qxc8
15. c4 d4 16. Re1 Bb4 17. Bd2 Bxd2 18. Nbxd2 Qf5 19. Ne4 Rae8 20. c5 Re6 21.
Nfg5 Re7 22. b4 Qg4 23. Qxg4 Nxg4 24. b5 Nb4 25. Rab1 Nd5 26. b6+ axb6 27.
cxb6+ Kb8 28. Rb5 Nf4 29. h3 Nf6 30. g3 Ng6 31. Nd6 Rd7 32. Ndf7 Rc8 33. Nxe5
Nxe5 34. Rbxe5 d3 35. Rd1 Rc6 36. Re3 d2 37. Kf1 Rxb6 38. Ke2 Rb2 39. Rd3
1/2-1/2